Thế giới kì lạ của laser
Gardado en:
| Autor Principal: | |
|---|---|
| Formato: | Libro |
| Idioma: | Undetermined |
| Publicado: |
Hà Nội
KHKT
1972
|
| Những chủ đề: | |
| Các nhãn: |
Engadir etiqueta
Sen Etiquetas, Sexa o primeiro en etiquetar este rexistro!
|
| Thư viện lưu trữ: | Trung tâm Học liệu Trường Đại học Cần Thơ |
|---|
| LEADER | 00551nam a2200181Ia 4500 | ||
|---|---|---|---|
| 001 | CTU_14131 | ||
| 008 | 210402s9999 xx 000 0 und d | ||
| 082 | |a 621.366 | ||
| 082 | |b G846 | ||
| 100 | |a N P Gribkovski | ||
| 245 | 0 | |a Thế giới kì lạ của laser | |
| 245 | 0 | |c N P Gribkovski, Yu I Trekalinskaia; Dịch giả: Nguyễn Đức Bảo | |
| 260 | |a Hà Nội | ||
| 260 | |b KHKT | ||
| 260 | |c 1972 | ||
| 650 | |a laser | ||
| 904 | |i Nguyễn Quang Điền, 961230 | ||
| 980 | |a Trung tâm Học liệu Trường Đại học Cần Thơ | ||